00570nam a22001937a 450000500170000001000380001702000260005503500170008103500130009803500140011103700080012503700130013308200120014610000280015824500760018626000410026227000530030330000200035620180228131006.0 a1617EN B-652552-562 ENG-117574 a9788175248090c800.00 aB-652552-562 aB-667637 aEN-101106 bKKP bDBAD/PUB a613.071 aGoun, Jai bhagwan Singh aHealth Education and Environmental studies /cby Jai bhagwan Singh Goun aNew DelhibKhel Sahitya Kendrac2016 a7/26, Ansari Road, Darya GanjbNew Delhie110002 a303p.b22cm(HB)